Statistics for Flags of Argentinian Provinces and Federal Districts

Click here to take the quiz!

General Stats

  • This quiz has been taken 23 times
    (21 since last reset)
  • The average score is 7 of 23

Answer Stats

Answer% Correct
Buenos Aires
85%
Tierra del Fuego
45%
Catamarca
35%
Chaco
35%
Ciudad Autonoma de Buenos Aires
35%
Cordoba
35%
Entre Rios
35%
Rio Negro
35%
Salta
35%
Santa Cruz
35%
Santa Fe
35%
Misiones
30%
Tucuman
30%
Formosa
25%
Mendoza
25%
Neuquen
25%
Corrientes
20%
Jujuy
20%
La Pampa
20%
La Rioja
20%
San Juan
20%
Santiago del Estero
20%
San Luis
15%

Score Distribution

Percentile by Number Answered

Percent of People with Each Score

Your Score History

You have not taken this quiz since the last reset